Nobody Knows - Shawn Mendes - All Lyrics - Statistics

General Stats
  • This quiz has been taken 10 times
  • The average score is 91 of 127
Answer Stats
Answer % Correct
I
100%
knows
100%
Nobody
100%
(Nobody,
100%
nobody)
100%
the
100%
an
75%
And
75%
and
75%
can
75%
does
75%
everyone
75%
for
75%
go?
75%
goes
75%
good
75%
hey)
75%
(Hey,
75%
(Hm,
75%
in
75%
is
75%
it
75%
it's
75%
like
75%
love
75%
love)
75%
me
75%
not
75%
(Oh,
75%
(Oh)
75%
one
75%
open,
75%
still
75%
this
75%
to
75%
too
75%
When
75%
when
75%
Where
75%
(Woah)
75%
woah)
75%
(Woah,
75%
you
75%
your
75%
you're
75%
You're
75%
amateur
50%
anything
50%
bottle
50%
But
50%
But,
50%
close
50%
drunk
50%
enough
50%
feels
50%
Flyin'
50%
fuck,
50%
glitter
50%
gold
50%
happen
50%
home
50%
live
50%
moments
50%
should
50%
so
50%
sun
50%
taste
50%
those
50%
touch
50%
walks
50%
souls
25%
No matching quizzes found
Score Distribution
Percent of People with Each Score
Percentile by Number Answered
Your Score History
You have not taken this quiz